| 000 | 00842nam a2200277Ia 4500 | ||
|---|---|---|---|
| 003 | OSt | ||
| 005 | 20221005052621.0 | ||
| 006 | a|||||r|||| 00| 0 | ||
| 007 | ta | ||
| 008 | 221004b |||||||| |||| 00| 0 eng d | ||
| 020 |
_a1844830969 _c795 |
||
| 024 | _a85216 | ||
| 037 |
_b204, 31/03/2006, Dhanraj Book House _cTextual |
||
| 040 |
_aCRL _cCRL _beng |
||
| 041 |
_2eng _aeng |
||
| 082 | _aY:1.41'N, P5 | ||
| 100 | _aShaughnessy Edward L. Ed. | ||
| 245 | 0 | _aChina edited by Edward L. Shaughnessy | |
| 260 |
_aLondon _bDuncan Baird Publishers U. K. _c2005 |
||
| 300 |
_a256p. _ccm. |
||
| 490 | _aReference Classics | ||
| 650 | _a SOCIOLOGY | ||
| 650 |
_aCHINA - CIVILIZATION _9583158 |
||
| 942 |
_hY:1.41'N, P5 _cTEXL _2cc |
||
| 999 |
_c960693 _d960693 |
||